Articulación universidad - escuela secundaria : políticas, prácticas y reflexiones /

Guardado en:
Autor Principal: Ferré, Norberto
Otros Autores: Burllaille, Maximiliano, Chiachio, Gustavo Adolfo, Grinberg, Silvia, Krichesky, Marcelo, Más Rocha, Stella Maris, Pievi, Néstor, Rey, José Luis
Formato: Libro
Publicado: Buenos Aires : Jorge Baudino, 2007
Materias:
Etiquetas: Agregar Etiqueta
Sin Etiquetas, Sea el primero en etiquetar este registro!
LEADER 01744nam a22003135a 4500
001 CEM.cems013978
005 20130607124206.0
008 130507s2007##################000#0#####d
003 CEMS
020 |a 9789879020753 
082 0 4 |a 370 
100 1 |a Ferré, Norberto 
245 1 0 |a Articulación universidad - escuela secundaria :  |b políticas, prácticas y reflexiones /  |c Compilador Norberto Ferré; maximiliano Burllaille y Otros 
260 |a Buenos Aires :  |b  Jorge Baudino,  |c 2007 
300 |a 136 p. 
505 0 |a Complejidad, articulación y sistema educativo / Norberto Ferré -- La experiencia de la articulación: Elementos para la comprensión / Silvia Grinberg, Maximiliano Burllaille -- La articulación como política institucional / Stella Maris Más Rocha -- Escuela Media: Uso de la información y desarrollo de tutorías para mejorar las trayectorias educativas / Marcelo Krichesky -- Pensamiento, estrategias cognitivas y prácticas docentes / Gustavo Adolfo Chiachio y otros -- El sistema educativo en el distrito San Martín, un diálogo con el equipo de supervisión / Gustavo Adolfo Chiachio, Stella Maris Más Rocha -- Anexo: Informe final proyecto articulación UNSAM - Escuelas polimodales y técnicas del partido de San Martín - año 2005 
653 |a Educación 
653 |a Articulacion universidad escuela media 
653 |a Articulación 
653 |a Universidad 
653 |a Educación secundaria 
700 1 |a Burllaille, Maximiliano 
700 1 |a Chiachio, Gustavo Adolfo 
700 1 |a Grinberg, Silvia 
700 1 |a Krichesky, Marcelo 
700 1 |a Más Rocha, Stella Maris 
700 1 |a Pievi, Néstor 
700 1 |a Rey, José Luis 
859 |a CEMS  |b BIB. CEMS - 11 de abril  |h 370  |i F413  |p 25254.08  |t Ej.1